000
00309nam a22001457a 4500
008
210527b ||||| |||| 00| 0 eng d
020
_a
2900073532294
041
_a
eng
080
_a
573
082
_a
573
100
_a
11
101
_a
BIO
245
_a
Understanding Biology
_c
Mason,K
942
_2
udc
_c
BK
999
_c
57670
_d
57670